The tudor age
Tallennettuna:
| Päätekijä: | |
|---|---|
| Aineistotyyppi: | Kirja |
| Kieli: | Undetermined |
| Julkaistu: |
London
Longmans
1957
|
| Aiheet: | |
| Tagit: |
Lisää tagi
Ei tageja, Lisää ensimmäinen tagi!
|
| Thư viện lưu trữ: | Trung tâm Học liệu Trường Đại học Cần Thơ |
|---|
| LEADER | 00534nam a2200217Ia 4500 | ||
|---|---|---|---|
| 001 | CTU_82551 | ||
| 008 | 210402s9999 xx 000 0 und d | ||
| 082 | |a 942.05 | ||
| 082 | |b W729 | ||
| 100 | |a Williamson, James A. | ||
| 245 | 4 | |a The tudor age | |
| 245 | 0 | |c James A. Williamson | |
| 260 | |a London | ||
| 260 | |b Longmans | ||
| 260 | |c 1957 | ||
| 650 | |a Great Britain | ||
| 650 | |x History | ||
| 650 | |y 1485-1603 | ||
| 904 | |i QHieu (sửa) | ||
| 910 | |i Tuyen | ||
| 980 | |a Trung tâm Học liệu Trường Đại học Cần Thơ | ||